[Event "Fermo op 1st"]
[Site "Fermo"]
[Date "2010.08.25"]
[Round "5"]
[White "Rebeggiani, Luca"]
[Black "Fierro Baquero, Martha Lorena"]
[Result "0-1"]
[WhiteElo "2035"]
[BlackElo "2372"]
[PlyCount "72"]
[EventDate "2010.08.21"]
[EventType "swiss"]
[EventRounds "9"]
[EventCountry "ITA"]
[SourceTitle "CBM 138 Extra"]
[Source "ChessBase"]
[SourceDate "2010.10.29"]
[SourceVersion "1"]
[SourceVersionDate "2010.10.29"]
[SourceQuality "1"]

1. c4 g6 2. Nc3 Bg7 3. g3 Nf6 4. Bg2 0-0 5. e4 c5 6. Nge2 Nc6 7. d3 d6 8. 0-0 Rb8 9. f4 a6 10. a4 Bd7 11. h3 Ne8 12. f5 Nd4 13. fxg6 hxg6 14. a5 Nc7 15. Nd5 Nxd5 16. exd5 b5 17. axb6 Rxb6 18. Ra2 Qb8 19. Re1 Be5 20. Nxd4 Bxd4+ 21. Kh2 Re8 22. Re2 Bf5 23. Be4 Qc8 24. Qf1 Bxe4 25. Rxe4 Qb7 26. Re2 Rb3 27. Qd1 Rb8 28. Qc2 Qd7 29. g4 Be5+ 30. Kg2 e6 31. dxe6 Qxe6 32. Rxa6 Qc8 33. Ra2 Qc6+ 34. Re4 f5 35. gxf5 gxf5 36. Qe2 R3b7 0-1

[Event "Fermo op 1st"]
[Site "Fermo"]
[Date "2010.08.24"]
[Round "4"]
[White "Dervishi, Erald"]
[Black "Rebeggiani, Luca"]
[Result "1/2-1/2"]
[WhiteElo "2557"]
[BlackElo "2035"]
[PlyCount "112"]
[EventDate "2010.08.21"]
[EventType "swiss"]
[EventRounds "9"]
[EventCountry "ITA"]
[SourceTitle "CBM 138 Extra"]
[Source "ChessBase"]
[SourceDate "2010.10.29"]
[SourceVersion "1"]
[SourceVersionDate "2010.10.29"]
[SourceQuality "1"]

1. e4 c5 2. Nf3 Nc6 3. d4 cxd4 4. Nxd4 Nf6 5. Nc3 e5 6. Ndb5 d6 7. Bg5 a6 8. Na3 b5 9. Nd5 Be7 10. Bxf6 Bxf6 11. c3 0-0 12. Nc2 Bg5 13. h4 Bh6 14. g4 Bf4 15. Qf3 Be6 16. Nxf4 Qf6 17. g5 Qxf4 18. Qxf4 exf4 19. Bg2 Ne5 20. Kd2 Nc4+ 21. Kc1 Ne5 22. f3 d5 23. Nd4 dxe4 24. fxe4 Bg4 25. Kc2 f6 26. Bh3 fxg5 27. hxg5 f3 28. Raf1 Rf4 29. Bxg4 Rxg4 30. Nxf3 Rxe4 31. Nd4 Nc4 32. Rf2 Re5 33. Rg1 Rf8 34. Rxf8+ Kxf8 35. b3 Ne3+ 36. Kd3 Nd5 37. Nc6 Nf4+ 38. Kd4 Rxg5 39. Rf1 Rg4 40. Ne5 Rh4 41. Ke4 g5 42. Nf3 Rh5 43. c4 Ke7 44. cxb5 axb5 45. Kf5 Nd5 46. Re1+ Kd6 47. Re6+ Kc5 48. Kg4 Rh1 49. Kxg5 Ra1 50. a4 bxa4 51. bxa4 Rxa4 52. Rh6 Ra7 53. Ne5 Ra1 54. Rxh7 Rg1+ 55. Kf5 Rf1+ 56. Kg5 Rg1+ 1/2-1/2

[Event "Senigallia op 5th"]
[Site "Senigallia"]
[Date "2010.08.03"]
[Round "2"]
[White "Rebeggiani, Luca"]
[Black "Mrdja, Milan"]
[Result "0-1"]
[WhiteElo "2035"]
[BlackElo "2392"]
[PlyCount "68"]
[EventDate "2010.08.02"]
[EventType "swiss"]
[EventRounds "7"]
[EventCountry "ITA"]
[SourceTitle "CBM 137 Extra"]
[Source "ChessBase"]
[SourceDate "2010.09.01"]
[SourceVersion "1"]
[SourceVersionDate "2010.09.01"]
[SourceQuality "1"]

1. c4 g6 2. Nc3 Bg7 3. g3 c5 4. Bg2 Nc6 5. e4 d6 6. Nge2 e6 7. 0-0 Nge7 8. d3 0-0 9. Be3 Nd4 10. Qd2 Re8 11. f4 Rb8 12. Rf2 a6 13. Raf1 b5 14. b3 b4 15. Nd1 a5 16. g4 f5 17. Bxd4 cxd4 18. g5 Bd7 19. Rf3 Qc7 20. Qe1 Nc6 21. Qh4 Qd8 22. Rh3 h5 23. gxh6 Qxh4 24. Rxh4 Bf6 25. Rh3 Kh7 26. Kf2 Nd8 27. Ng1 Nf7 28. Nf3 fxe4 29. dxe4 e5 30. f5 gxf5 31. Nh4 f4 32. Nf5 Bxf5 33. exf5 e4 34. Rh5 d3 0-1

[Event "Senigallia op 5th"]
[Site "Senigallia"]
[Date "2010.08.02"]
[Round "1"]
[White "Rebeggiani, Luca"]
[Black "Loccisano, Giuseppe"]
[Result "1-0"]
[WhiteElo "2035"]
[BlackElo "1828"]
[PlyCount "39"]
[EventDate "2010.08.02"]
[EventType "swiss"]
[EventRounds "7"]
[EventCountry "ITA"]
[SourceTitle "CBM 137 Extra"]
[Source "ChessBase"]
[SourceDate "2010.09.01"]
[SourceVersion "1"]
[SourceVersionDate "2010.09.01"]
[SourceQuality "1"]

1. e4 e6 2. d4 d5 3. Nc3 Nf6 4. e5 Nfd7 5. f4 c5 6. Nf3 Nc6 7. Be3 Be7 8. Bd3 f6 9. 0-0 0-0 10. Bxh7+ Kxh7 11. Ng5+ fxg5 12. Qh5+ Kg8 13. fxg5 Bxg5 14. Bxg5 Qe8 15. Rxf8+ Qxf8 16. Rf1 Nf6 17. exf6 Qf7 18. Qh4 g6 19. Nb5 Nxd4 20. Nd6 1-0

[Event "Senigallia Perini Memorial 3rd"]
[Site "Senigallia"]
[Date "2009.08.06"]
[Round "6"]
[White "Rebeggiani, Luca"]
[Black "Rago, Riccardo"]
[Result "0-1"]
[WhiteElo "2019"]
[BlackElo "2088"]
[PlyCount "78"]
[EventDate "2009.08.01"]
[EventType "swiss"]
[EventRounds "9"]
[EventCountry "ITA"]
[SourceTitle "EXT 2010"]
[Source "ChessBase"]
[SourceDate "2010.11.25"]
[SourceVersion "1"]
[SourceVersionDate "2010.11.25"]
[SourceQuality "1"]

1. Nf3 d5 2. e3 e6 3. d4 Nf6 4. c4 c6 5. Nc3 Bd6 6. Ne5 dxc4 7. Nxc4 Be7 8. e4 0-0 9. Be3 b5 10. Nd2 b4 11. Na4 Nbd7 12. Be2 e5 13. Qc2 exd4 14. Bxd4 Nb6 15. Be3 Qc7 16. h3 Rd8 17. 0-0 Nxa4 18. Qxa4 Bb7 19. Rac1 Qe5 20. Nc4 Qb5 21. Qc2 c5 22. Nd6 Qc6 23. Nxb7 Qxb7 24. Bf3 Rac8 25. Qc4 Qc7 26. g3 Bd6 27. Bg2 Nd7 28. f4 Nb6 29. Qb5 c4 30. Rfd1 h6 31. e5 Be7 32. Rxd8+ Rxd8 33. Bxb6 axb6 34. Rxc4 Bc5+ 35. Kh2 Rd2 36. Re4 Qd8 37. Re2 Rd1 38. h4 Qc8 39. Bh3 Bg1+ 0-1

[Event "Senigallia Perini Memorial 3rd"]
[Site "Senigallia"]
[Date "2009.08.05"]
[Round "5"]
[White "Cannada Bartoli, Vincenzo"]
[Black "Rebeggiani, Luca"]
[Result "0-1"]
[WhiteElo "1981"]
[BlackElo "2019"]
[PlyCount "98"]
[EventDate "2009.08.01"]
[EventType "swiss"]
[EventRounds "9"]
[EventCountry "ITA"]
[SourceTitle "EXT 2010"]
[Source "ChessBase"]
[SourceDate "2010.11.25"]
[SourceVersion "1"]
[SourceVersionDate "2010.11.25"]
[SourceQuality "1"]

1. c4 e6 2. Nc3 d5 3. d4 Nf6 4. a3 Be7 5. Nf3 a6 6. cxd5 exd5 7. Bf4 Nbd7 8. h3 c6 9. e3 0-0 10. Bd3 Re8 11. 0-0 Nf8 12. Rc1 Ng6 13. Bh2 Bd6 14. Bxd6 Qxd6 15. Ne2 Ne4 16. Bxe4 dxe4 17. Nd2 Re7 18. Ng3 f5 19. Qh5 Rf7 20. Rc5 Qf6 21. Nc4 Ne7 22. Ne5 g6 23. Qd1 Rg7 24. Qb3+ Nd5 25. Qc2 h5 26. Ne2 g5 27. f3 Be6 28. Qd2 exf3 29. Rxf3 g4 30. hxg4 hxg4 31. Rg3 Qh4 32. Kf2 Nf6 33. Nc3 Rf8 34. Qe1 Nh5 35. Ne2 Nxg3 36. Nxg3 f4 37. exf4 Rxf4+ 38. Ke3 Rf8 39. Rc3 Bd5 40. Rc2 Qh6+ 41. Kd3 Qh7+ 42. Kc3 c5 43. dxc5 Re7 44. Rd2 Bc6 45. Rd6 Rfe8 46. Qe2 Rxe5 47. Qxg4+ Kh8 48. Qd4 Qg7 49. Qh4+ Rh5+ 0-1

[Event "Senigallia op 6th"]
[Site "Senigallia"]
[Date "2009.07.26"]
[Round "7"]
[White "Rebeggiani, Luca"]
[Black "Monducci, Mirko"]
[Result "1-0"]
[WhiteElo "2019"]
[BlackElo "1932"]
[PlyCount "138"]
[EventDate "2009.07.20"]
[EventType "swiss"]
[EventRounds "7"]
[EventCountry "ITA"]
[SourceTitle "EXT 2012"]
[Source "ChessBase"]
[SourceDate "2011.11.24"]
[SourceVersion "1"]
[SourceVersionDate "2011.11.24"]
[SourceQuality "1"]

1. c4 c6 2. Nf3 d5 3. e3 Nf6 4. b3 e6 5. Bb2 Nbd7 6. Be2 Bd6 7. d4 Ne4 8. 0-0 0-0 9. Nbd2 Nxd2 10. Nxd2 Nf6 11. f3 c5 12. Qe1 cxd4 13. exd4 Re8 14. Bd3 Bb4 15. a3 Ba5 16. b4 Bb6 17. c5 Bc7 18. f4 Bd7 19. Qh4 h6 20. Rae1 Nh7 21. Qh5 f5 22. Qd1 Nf6 23. Qb3 a6 24. Bc1 Bc6 25. a4 Bd7 26. Nf3 Re7 27. Be3 Ng4 28. Ne5 Bxe5 29. fxe5 Qe8 30. Bc2 Qh5 31. h3 Nxe3 32. Rxe3 Qe8 33. g4 g6 34. Rg3 Kh7 35. h4 Rg7 36. Kh2 Qe7 37. Kh3 Rf8 38. Rfg1 Kh8 39. gxf5 exf5 40. Rf3 f4+ 41. Kg2 g5 42. Rgf1 gxh4+ 43. Kf2 h3 44. Rxh3 Bxh3 45. Qxh3 Qg5 46. Bb3 Qg3+ 47. Qxg3 fxg3+ 48. Kg2 Rxf1 49. Kxf1 h5 50. Bxd5 h4 51. Kg2 Kh7 52. Kh3 Kh6 53. Bg2 Kg5 54. e6 Kf6 55. d5 Rh7 56. b5 axb5 57. axb5 Ke5 58. b6 Rg7 59. c6 Kd6 60. c7 Rg8 61. Kxh4 Ke5 62. Kh5 Kd6 63. Kh4 Ke5 64. Bf3 Kf4 65. d6 g2 66. Kh3 Ke5 67. Bxg2 Kxe6 68. Kh4 Ke5 69. Bxb7 Ke6 1-0

[Event "Senigallia op 6th"]
[Site "Senigallia"]
[Date "2009.07.25"]
[Round "6"]
[White "Brunello, Roberta"]
[Black "Rebeggiani, Luca"]
[Result "0-1"]
[WhiteElo "1956"]
[BlackElo "2019"]
[PlyCount "68"]
[EventDate "2009.07.20"]
[EventType "swiss"]
[EventRounds "7"]
[EventCountry "ITA"]
[SourceTitle "EXT 2012"]
[Source "ChessBase"]
[SourceDate "2011.11.24"]
[SourceVersion "1"]
[SourceVersionDate "2011.11.24"]
[SourceQuality "1"]

1. e4 c5 2. c3 Nc6 3. d4 cxd4 4. cxd4 d5 5. e5 Qb6 6. Ne2 Bg4 7. f3 Bf5 8. a3 a5 9. Nbc3 e6 10. Na4 Qa7 11. b3 b5 12. Nac3 b4 13. Nb5 Qb6 14. a4 f6 15. exf6 Nxf6 16. Bf4 Rc8 17. Ng3 Be7 18. Nxf5 exf5 19. Bd3 g6 20. Bc7 Qb7 21. 0-0 Kf7 22. Be5 Nxe5 23. dxe5 Nd7 24. Re1 Nf8 25. Kh1 Ne6 26. Bf1 Rhd8 27. g3 h5 28. Rc1 Rxc1 29. Qxc1 Bf8 30. Re2 d4 31. Bg2 d3 32. Rd2 Qd5 33. Nc7 Rc8 34. f4 Qd7 0-1

[Event "ITA-chT UISP 23rd"]
[Site "Rimini"]
[Date "2002.12.??"]
[Round "2"]
[White "Gazzarri, Alberto"]
[Black "Rebeggiani, Luca"]
[Result "1-0"]
[WhiteElo "2173"]
[BlackElo "1708"]
[PlyCount "63"]
[EventDate "2002.12.??"]
[EventType "team"]
[EventRounds "6"]
[EventCountry "ITA"]
[SourceTitle "EXT 2024"]
[Source "ChessBase"]
[SourceDate "2023.10.10"]
[SourceVersion "1"]
[SourceVersionDate "2023.10.10"]
[SourceQuality "1"]

1. e4 c5 2. c3 Nc6 3. d4 cxd4 4. cxd4 d6 5. Nc3 g6 6. Nf3 Bg7 7. Be3 Nf6 8. h3 Nd7 9. Qd2 0-0 10. Bh6 Qa5 11. Be2 a6 12. h4 Nf6 13. h5 Bxh6 14. Qxh6 Ng4 15. Qd2 h6 16. d5 Nd8 17. Nh2 Nxh2 18. hxg6 fxg6 19. Qxh6 Rf6 20. Rxh2 Nf7 21. Qh4 Qc5 22. a3 Bd7 23. e5 dxe5 24. Ne4 Qb6 25. Nxf6+ exf6 26. Qh7+ Kf8 27. Qxg6 Qxb2 28. Rb1 Qc3+ 29. Kf1 Ke7 30. Rh7 Rf8 31. d6+ Kxd6 32. Rxf7 1-0